| 000 | 00654nam a2200169Ia 4500 | ||
|---|---|---|---|
| 008 | 090124s9999 xx 000 0 und d | ||
| 082 |
_b29860 _a709 |
||
| 100 | _aजायस्वाल जयनारायण | ||
| 245 | _a चष्मा व नेत्ररोग चिकित्सा | ||
| 250 | _a0 | ||
| 300 | _a72 | ||
| 600 | _aजायस्वाल जयनारायण | ||
| 630 | _a चष्मा व नेत्ररोग चिकित्सा | ||
| 700 | _aजायस्वाल जयनारायण | ||
| 730 | _a चष्मा व नेत्ररोग चिकित्सा | ||
| 942 | _cBOOK | ||
| 999 |
_c143342 _d143342 |
||